<?xml version="1.0" encoding="UTF-8"?><?xml-stylesheet type="text/xsl" href="static/style.xsl"?><OAI-PMH xmlns="http://www.openarchives.org/OAI/2.0/" xmlns:xsi="http://www.w3.org/2001/XMLSchema-instance" xsi:schemaLocation="http://www.openarchives.org/OAI/2.0/ http://www.openarchives.org/OAI/2.0/OAI-PMH.xsd"><responseDate>2026-04-19T02:35:07Z</responseDate><request verb="GetRecord" identifier="oai:riubu.ubu.es:10259/7022" metadataPrefix="marc">https://riubu.ubu.es/oai/request</request><GetRecord><record><header><identifier>oai:riubu.ubu.es:10259/7022</identifier><datestamp>2024-05-20T06:48:53Z</datestamp><setSpec>com_10259_4204</setSpec><setSpec>com_10259_5086</setSpec><setSpec>com_10259_2604</setSpec><setSpec>com_10259.4_104</setSpec><setSpec>col_10259_4205</setSpec><setSpec>col_10259_6848</setSpec></header><metadata><record xmlns="http://www.loc.gov/MARC21/slim" xmlns:doc="http://www.lyncode.com/xoai" xmlns:xsi="http://www.w3.org/2001/XMLSchema-instance" xmlns:dcterms="http://purl.org/dc/terms/" xsi:schemaLocation="http://www.loc.gov/MARC21/slim http://www.loc.gov/standards/marcxml/schema/MARC21slim.xsd">
<leader>00925njm 22002777a 4500</leader>
<datafield tag="042" ind1=" " ind2=" ">
<subfield code="a">dc</subfield>
</datafield>
<datafield tag="720" ind1=" " ind2=" ">
<subfield code="a">Pérez Acebo, Heriberto</subfield>
<subfield code="e">author</subfield>
</datafield>
<datafield tag="720" ind1=" " ind2=" ">
<subfield code="a">Otxoa Muñoz, Xabier</subfield>
<subfield code="e">author</subfield>
</datafield>
<datafield tag="720" ind1=" " ind2=" ">
<subfield code="a">Marquina Llaguno, Mikel</subfield>
<subfield code="e">author</subfield>
</datafield>
<datafield tag="720" ind1=" " ind2=" ">
<subfield code="a">Gonzalo Orden, Hernán</subfield>
<subfield code="e">author</subfield>
</datafield>
<datafield tag="260" ind1=" " ind2=" ">
<subfield code="c">2021-07</subfield>
</datafield>
<datafield tag="520" ind1=" " ind2=" ">
<subfield code="a">A usual traffic calming measure (TCM) to reduce vehicle speed in urban areas is the traffic&#xd;
lights that turn red when a vehicle exceeds the speed limit. These traffic lights can detect if&#xd;
an approaching vehicle exceeds the speed limit and, if so, stop it by means of a red light. It&#xd;
is generally employed in interurban roads rather than in big cities, where the presence of&#xd;
traffic lights is common. In a rural road crossing a small village, they are deployed to reduce&#xd;
the risk of accidents to vulnerable road used when vehicles arriving at high speeds tend to&#xd;
conflict with pedestrians attempting to cross the road.&#xd;
The aim of this paper is to analyze the efficiency of this TCM, preceded by panels indicating&#xd;
the vehicles’ speed, by controlling the vehicles’ speed in the A-132 road that crosses through&#xd;
the village of Azazeta in the province of Álava/Araba (Spain). Different sequence of the&#xd;
TCMs can be found in each direction approaching the village; in A direction, warning traffic&#xd;
lights, the panel indicating the speed and the traffic light turning red; and in B direction, the&#xd;
panel, the warning traffic lights and the traffic lights turning red.&#xd;
However, similar results were obtained in both directions for average speeds and percentile&#xd;
85 of the speed distribution at the traffic lights, and speed was reduced as motorists faced&#xd;
the TCMs. However, although average speed was below speed limit (50 km/h), the percentile&#xd;
85 was over it, implying that more than 26% of drivers did not respect the red light.&#xd;
Moreover, after the traffic lights turning red, motorist speed up and higher values were&#xd;
measured at the midpoint of the urban segment, the place where pedestrians use to cross&#xd;
from one side of the village to the other one, although no pedestrian crosswalk is available.</subfield>
</datafield>
<datafield tag="024" ind2=" " ind1="8">
<subfield code="a">978-84-18465-12-3</subfield>
</datafield>
<datafield tag="024" ind2=" " ind1="8">
<subfield code="a">http://hdl.handle.net/10259/7022</subfield>
</datafield>
<datafield tag="024" ind2=" " ind1="8">
<subfield code="a">10.36443/10259/7022</subfield>
</datafield>
<datafield ind1=" " ind2=" " tag="653">
<subfield code="a">Tráfico</subfield>
</datafield>
<datafield ind1=" " ind2=" " tag="653">
<subfield code="a">Seguridad vial</subfield>
</datafield>
<datafield ind1=" " ind2=" " tag="653">
<subfield code="a">Vehículos</subfield>
</datafield>
<datafield ind1=" " ind2=" " tag="653">
<subfield code="a">Traffic</subfield>
</datafield>
<datafield ind1=" " ind2=" " tag="653">
<subfield code="a">Road safety</subfield>
</datafield>
<datafield ind1=" " ind2=" " tag="653">
<subfield code="a">Vehicles</subfield>
</datafield>
<datafield tag="245" ind1="0" ind2="0">
<subfield code="a">Evaluation of the efficiency of traffic lights turning red in case of exceeding speed limit with previous panels indicating the speed</subfield>
</datafield>
</record></metadata></record></GetRecord></OAI-PMH>